[Event "New Delhi op 20th"]
[Site "New Delhi"]
[Date "2023.03.23"]
[Round "1"]
[White "Tapojit, Majumdar"]
[Black "Sethuraman, SP."]
[Result "0-1"]
[WhiteElo "1234"]
[BlackElo "2639"]
[PlyCount "50"]
[EventDate "2023.03.23"]
[EventType "swiss"]
[EventRounds "10"]
[EventCountry "IND"]
[SourceTitle "CBM 213 Extra"]
[Source "ChessBase"]
[SourceDate "2023.05.31"]
[SourceVersion "1"]
[SourceVersionDate "2023.05.31"]
[SourceQuality "1"]

1. e4 c5 2. Nf3 d6 3. d4 cxd4 4. Nxd4 Nf6 5. Nc3 Nc6 6. Be2 g6 7. Be3 Bg7 8. f3 Bd7 9. Qd2 Rc8 10. 0-0-0 h5 11. Kb1 a6 12. Nb3 b5 13. Nd5 Nxd5 14. exd5 Ne5 15. h4 Nc4 16. Bxc4 bxc4 17. Nd4 c3 18. bxc3 Qa5 19. Nb3 Qxc3 20. Bd4 Bxd4 21. Nxd4 Qc4 22. Nb3 a5 23. Nxa5 Qa4 24. Rc1 Ra8 25. Qc3 0-0 0-1